000 nam a22 7a 4500
999 _c16696
_d16696
008 161116b xxu||||| |||| 00| 0 eng d
020 _a9781285891262
050 _aRA 781 .H64 2014
100 _aHoeger,Werner W.K.
_d2014
245 _aPrinciples and labs for fitness and wellness.
_cWerner W.K.Hoeger
250 _a12th ed
260 _aAustralia:
_bCencage learning,
_c2014.
300 _axviii,584[6].p
700 _aHoeger,Sharon A.
942 _2lcc
_cBOOKS
_hRA 781 .H64 2014